000 01350nam a22003490a 4500
001 PT21127
003 AR-LpoUNG
005 20210131232940.0
008 191001s2003||||mx |||||||||||||||||spa d
020 _a9681669568
_c$34,69
040 _aAR-LpoUNG
_bspa
_cAR-LpoUNG
_eaacr
041 _aspa
044 _amx
082 0 _a980.031 615inv
100 1 _aAnnino, Antonio
_ecoor.
245 1 0 _aInventando la Nación :
_bIberoamérica siglo XIX
250 _a1ra ed.
260 _aMéxico, D. F. :
_bFondo de Cultura Económica,
_c2003.
300 _a694 p. :
_bil.
520 _a<p>La obra sigue paso a paso el largo y multiforme proceso de construir la nación, que es uno de los principales hilos conductores de la historia latinoamericana contemporánea tanto en la América hispana como en el Brasil. El libro se limita al siglo XIX por la homogeneidad de sus problemáticas, sin que ello quiera decir que en lo político, en lo social y en lo cultural esté ya acabada la construcción de la nación al final del siglo XX.</p>
650 4 _aAMERICA LATINA
650 4 _aANALISIS HISTORICO
650 4 _aESPAÑA
650 4 _aESTADO
650 4 _aHISTORIA POLITICA
650 4 _aIMPERIALISMO
650 4 _aNACION
650 4 _aNACIONALIDAD
700 1 _aGuerra, François-Xavier
_ecoor.
905 _a21127
942 _cLIB
999 _c18394
_d18394